Finančný trh v kocke
Zákonitosti fungovania finančného trhu. Členenie finančného trhu z rôznych hľadísk. Základné segmenty (časti), ktoré tvoria finančný trh: peňažný trh, kapitálový trh, devízový trh, trh drahých kovov, poistný trh. Stručný popis fungovania týchto trhov.
Gespeichert in:
| 1. Verfasser: | |
|---|---|
| Weitere Verfasser: | |
| Format: | Buchkapitel |
| Sprache: | Slowakisch |
| Schlagworte: | |
| Tags: |
Keine Tags, Fügen Sie das erste Tag hinzu!
|
MARC
| LEADER | 00000naa a2200000 4500 | ||
|---|---|---|---|
| 001 | r017613 | ||
| 005 | 20221213095500.3 | ||
| 041 | 0 | |a slo | |
| 044 | |a SK | ||
| 245 | 1 | 0 | |a Finančný trh v kocke |c Stanislava Fejfarová, Božena Hrvoľová |
| 520 | |a Zákonitosti fungovania finančného trhu. Členenie finančného trhu z rôznych hľadísk. Základné segmenty (časti), ktoré tvoria finančný trh: peňažný trh, kapitálový trh, devízový trh, trh drahých kovov, poistný trh. Stručný popis fungovania týchto trhov. | ||
| 610 | 2 | 0 | |a trh finančný |
| 610 | 2 | 0 | |a trh peňažný |
| 610 | 2 | 0 | |a trh kapitálový |
| 610 | 2 | 0 | |a trh devízový |
| 610 | 2 | 0 | |a trh poistný |
| 100 | 1 | |a Fejfarová, Stanislava | |
| 700 | 1 | |a Hrvoľová, Božena | |